Códice de Huamantla (Record no. 10519)

MARC details
000 -CABECERA
campo de control de longitud fija 01144nam a2200265 a 4500
001 - NÚMERO DE CONTROL
campo de control BRL_1711
005 - FECHA Y HORA DE LA ÚLTIMA TRANSACCIÓN
campo de control 20190320211332.0
008 - DATOS DE LONGITUD FIJA--INFORMACIÓN GENERAL
campo de control de longitud fija 130116s1984----mx-abh####---#000-0#spa-#
041 ## - CÓDIGO DE LENGUA
Código de lengua del texto/banda sonora o título independiente spa
044 ## - CÓDIGO DEL PAÍS DE LA ENTIDAD EDITORA/PRODUCTORA
Código MARC del país mx
050 #4 - SIGNATURA TOPOGRÁFICA DE LA BIBLIOTECA DEL CONGRESO
Número de clasificación F1219.56.C74
Número de documento/Ítem .C63 1984
245 10 - MENCIÓN DE TÍTULO
Título Códice de Huamantla
Resto del título manuscrito de los siglos XVI y XVII, que se conserva en la sala de testimonios pictográficos de la Biblioteca Nacional de Antropología e Historia y en la Biblioteca Estatal de Berlin
Mención de responsabilidad, etc. presentación Tulio Hernández Gómez ; estudio iconográfico, cartográfico e histórico de Carmen Aguilera.
260 ## - PUBLICACIÓN, DISTRIBUCIÓN, ETC.
Lugar de publicación, distribución, etc. [Tlaxcala : México]
Nombre del editor, distribuidor, etc. Instituto Tlaxcalteca de la cultura
Fecha de publicación, distribución, etc. 1984
300 ## - DESCRIPCIÓN FÍSICA
Extensión [109 p.]
Otras características físicas il., láminas
Dimensiones 36 cm.
Material acompañante/anejo + 1 cuadernillo (62 p.)
440 #0 - MENCIÓN DE SERIE/PUNTO DE ACCESO ADICIONAL--TÍTULO
Título Codices y manuscritos Tlaxcala
Designación de volumen o secuencia 2
9 (RLIN) 27700
500 ## - NOTA GENERAL
Nota general Au2353
504 ## - NOTA DE BIBLIOGRAFÍA, ETC.
Nota de bibliografía, etc. Bibliografía: Suplemento p. 61-62
630 04 - PUNTO DE ACCESO ADICIONAL DE MATERIA--TÍTULO UNIFORME
Título uniforme Códice de Huamantla
9 (RLIN) 27701
650 14 - PUNTO DE ACCESO ADICIONAL DE MATERIA--TÉRMINO DE MATERIA
Término de materia o nombre geográfico como elemento de entrada Manuscritos otomí
Subdivisión general Facsímiles
9 (RLIN) 27702
650 14 - PUNTO DE ACCESO ADICIONAL DE MATERIA--TÉRMINO DE MATERIA
Término de materia o nombre geográfico como elemento de entrada Otomíes
Subdivisión general Historia
9 (RLIN) 27703
700 1# - PUNTO DE ACCESO ADICIONAL--NOMBRE DE PERSONA
Nombre de persona Hernández Gómez, Tulio
9 (RLIN) 27704
700 1# - PUNTO DE ACCESO ADICIONAL--NOMBRE DE PERSONA
Nombre de persona Aguilera García, María del Carmen
9 (RLIN) 516
902 ## - CATALOGADOR
Iniciales GRL
942 ## - ELEMENTOS DE PUNTO DE ACCESO ADICIONAL (KOHA)
Fuente del sistema de clasificación o colocación Library of Congress Classification
Tipo de ítem Koha Libros
Holdings
Estado de retiro Estado de pérdida Estado dañado No para préstamo Localización permanente Ubicación/localización actual Fecha de adquisición Número de inventario Total de préstamos Signatura topográfica completa Código de barras Fecha visto por última vez Precio válido a partir de Tipo de ítem Koha
El ejemplar forma parte de la colección y puede ser consultado según las políticas vigentes.       Biblioteca Centro de Estudios Ruth D. Lechuga Biblioteca Centro de Estudios Ruth D. Lechuga 28/05/2014 Au2353   F1219.56.C74 .C63 1984 (Au2353) GRL01877 22/03/2019 22/03/2019 Libros